Live-alones space challenge (Record no. 69320)
[ view plain ]
| 000 -LEADER | |
|---|---|
| fixed length control field | 01011cam a2200229 4500 |
| 001 - CONTROL NUMBER | |
| control field | WB3803-03 |
| 008 - FIXED-LENGTH DATA ELEMENTS--GENERAL INFORMATION | |
| fixed length control field | 020122n2002 000 0 eng u |
| 035 ## - SYSTEM CONTROL NUMBER | |
| System control number | (Sirsi) u116392 |
| 245 ## - TITLE STATEMENT | |
| Title | Live-alones space challenge |
| 260 ## - PUBLICATION, DISTRIBUTION, ETC. | |
| Date of publication, distribution, etc. | 2002 |
| 490 ## - SERIES STATEMENT | |
| Series statement | Planning (for the Natural and Built Environment) |
| Volume/sequential designation | (1452) 18 January 2002, 3(1) |
| 520 ## - SUMMARY, ETC. | |
| Summary, etc. | Think-tank Future Foundation in new research argues that more homes and more space are needed to accommodate the increasing trend towards people living alone. More homes are obviously needed but there also has to be a rise in the number of rooms required for each person. The House Builders Federation says housebuilders are responding well to these sorts of market changes. |
| 590 ## - LOCAL NOTE (RLIN) | |
| Local note | WB |
| 650 ## - SUBJECT ADDED ENTRY--TOPICAL TERM | |
| Topical term or geographic name entry element | FUTURE FOUNDATION |
| 650 ## - SUBJECT ADDED ENTRY--TOPICAL TERM | |
| Topical term or geographic name entry element | ABBEY NATIONAL |
| 650 ## - SUBJECT ADDED ENTRY--TOPICAL TERM | |
| Topical term or geographic name entry element | LIVING ACCOMMODATION |
| 650 ## - SUBJECT ADDED ENTRY--TOPICAL TERM | |
| Topical term or geographic name entry element | MARKET CONDITIONS |
| 650 ## - SUBJECT ADDED ENTRY--TOPICAL TERM | |
| Topical term or geographic name entry element | LIVING ALONE |
| 650 ## - SUBJECT ADDED ENTRY--TOPICAL TERM | |
| Topical term or geographic name entry element | HOUSE BUILDERS FEDERATION |
| 690 ## - LOCAL SUBJECT ADDED ENTRY--TOPICAL TERM (OCLC, RLIN) | |
| Topical term or geographic name as entry element | BUILT ENVIRONMENT-CONSTRUCTION MARKET |
| 942 ## - ADDED ENTRY ELEMENTS (KOHA) | |
| Suppress in OPAC | 0 |
| Withdrawn status | Lost status | Source of classification or shelving scheme | Damaged status | Not for loan | Home library | Current library | Shelving location | Date acquired | Total Checkouts | Full call number | Barcode | Date last seen | Copy number | Price effective from | Koha item type |
|---|---|---|---|---|---|---|---|---|---|---|---|---|---|---|---|
| Dewey Decimal Classification | London | London | News article | 22/01/2002 | WB3803-03 | 116392-1001 | 06/08/2019 | 1 | 06/08/2019 | News article |